Statistics for Guess What Country The Football/Soccer Player Is From

Click here to take the quiz!

General Stats

  • This quiz has been taken 34 times
  • The average score is 11 of 15

Answer Stats

HintAnswer% Correct
Samuel E'toCameroon
97%
Henrik LarssonSweden
91%
Landon DonovanUnited States
91%
Sami KhediraGermany
81%
Grzegorz KyrchowiakPoland
81%
Diego ForlanUruguay
81%
Jari LitmanenFinland
78%
Claudio BravoChile
75%
Fabio CoentraoPortugal
75%
Abedi PeleGhana
72%
Sidney GovouFrance
69%
Breel EmboloSwitzerland
63%
Nayef AguerdMorocco
56%
Jose Luis ChilavertParaguay
38%
Rogerio CeniBrazil
31%

Score Distribution

Percentile by Number Answered

Percent of People with Each Score

Your Score History

You have not taken this quiz